000 00309 a2200109 4500
245 _aHidden dimensions of Murambatsvina in Zimbabwe
_hprint
020 _a9780798302166
650 _aZIMBABWE HISTORY 2000
005 20191021095430.0
260 _aaa
_bAfrica Institute of South Africa
_c2008
084 _aNONE
999 _c12230
_d12230